ბათუმის შოთა რუსთაველის სახელმწიფო უნივერსიტეტის ბიბლიოთეკა

Квантовая физика (ბიბ.ჩანაწერი № 48253)

000 -LEADER
fixed length control field 00615nam a2200217Ia 4500
001 - CONTROL NUMBER
control field 15137
003 - CONTROL NUMBER IDENTIFIER
control field GE_BSU
008 - FIXED-LENGTH DATA ELEMENTS--GENERAL INFORMATION
fixed length control field 181216s||||||||xx |||||||||||||| ||und||
040 ## - CATALOGING SOURCE
Transcribing agency GE_BSU
080 ## - UNIVERSAL DECIMAL CLASSIFICATION NUMBER
Universal Decimal Classification number 530.1(075.8)
100 ## - MAIN ENTRY--PERSONAL NAME
Personal name Вихман,Э
245 ## - TITLE STATEMENT
Title Квантовая физика
245 ## - TITLE STATEMENT
Statement of responsibility, etc. Пер:с английского под ред.А,И,Шальникова,и А,О,Вайсенберга
250 ## - EDITION STATEMENT
Edition statement изд. 3-е испр
260 ## - PUBLICATION, DISTRIBUTION, ETC.
Place of publication, distribution, etc. Москва
260 ## - PUBLICATION, DISTRIBUTION, ETC.
Name of publisher, distributor, etc. Наука
260 ## - PUBLICATION, DISTRIBUTION, ETC.
Date of publication, distribution, etc. 1986
300 ## - PHYSICAL DESCRIPTION
Extent 392стр,22см
653 ## - INDEX TERM--UNCONTROLLED
Uncontrolled term Квантовая физика
942 ## - ADDED ENTRY ELEMENTS (KOHA)
Koha item type წიგნი
ეგზემპლარები
Withdrawn status Lost status Damaged status Not for loan Date acquired Barcode Date last seen Price effective from Koha item type
        2018-12-17 18217 2018-12-17 2018-12-17 წიგნი